Encuestas en la población de Buenos Aires: características técnicas generales de las encuestas /

Se realiza un análisis sobre tres encuestas realizadas en Buenos Aires, Argentina, sobre estratificación y movilidad social, autoritarismo y prejuicio étnico, y asimilación de inmigrantes, entre 1958 y 1961. Se describen los procedimientos utilizados y la población con la cual se trabajó.

Saved in:
Bibliographic Details
Main Author: Germani, Gino
Format: Text
Subjects:
Tags: Add Tag
No Tags, Be the first to tag this record!

MARC

LEADER 00000 a a2200000 04500
001 41483
003
040
100 |a Germani, Gino  
245 |a Encuestas en la población de Buenos Aires:   |b características técnicas generales de las encuestas /  |c Gino Germani  
520 |a Se realiza un análisis sobre tres encuestas realizadas en Buenos Aires, Argentina, sobre estratificación y movilidad social, autoritarismo y prejuicio étnico, y asimilación de inmigrantes, entre 1958 y 1961. Se describen los procedimientos utilizados y la población con la cual se trabajó.  
590 |a EFU/OCTUBRE2011  
650 |a 1.SOCIOLOGIA  
650 |a 2.ARGENTINA  
650 |a 3.ENCUESTAS  
650 |a 4.XENOFOBIA  
773 |g páginas 3364-384 : tablas  
999 |c 35654  |d 35654